| 000 | 00364nam a2200145Ia 4500 | ||
|---|---|---|---|
| 008 | 230312s9999||||xx |||||||||||||| ||und|| | ||
| 020 | _a9781119293323 | ||
| 082 |
_a005.1 _bABR-C |
||
| 100 | _aCasteel,Joan | ||
| 245 | 0 | _aOracle 10g Developer : PL/SQL programming | |
| 260 |
_bWiley _aUSA _c2015 |
||
| 300 | _a264 | ||
| 650 |
_aComputer _vProgramming |
||
| 942 | _cBK | ||
| 999 |
_c16189 _d16189 |
||